000 00871cam a2200217 a 4500
001 000012630
005 20200929163041.0
008 771005s1968 ve b 000 0 spa
040 _aDO-SdBNP
_bspa
_cTNJ
_dOCoLC
_dDLC
_dBNPHU
082 _a342.803
_bB847p
100 1 _aBrewer Carías, Allan-Randolph.
_916429
245 1 4 _aLos problemas constitucionales de la integración económica latinoamericana. /
_cAllan-Randolph Brewer Carías.
260 _aCaracas, (Venezuela) :
_bBanco Central de Venezuela,
_c1968.
300 _a131 p. ;
_c19 cm.
504 _aNotas bibliográficas al pie de las páginas
650 4 _aDerecho de integración
_zAmérica Latina
_929389
650 4 _aIntegración económica
_zAmérica Latina
_929390
651 4 _aAmérica Latina
_xPolítica Y Gobierno
_y1948-
_929391
910 _aCatalogación por copia / LC
999 _a1
_n0000249
_c12283
_d12283
049 _aBNGR